书目信息 |
| 书名: | The Biographical dictionary of scientists | |
| 作者: | general editor, David Abbott. | |
| 分册号: | ||
| 分册名: | 出版地: | London : |
|
| 出版社: | Blond Educational | |
| 出版时间: | c1984. | |
| 页数: | 203 p. : | |
| 开本: | 26 cm. | |
| 丛书名: | ||
| 中图分类号: | ||
| 科图分类号: | ||
| 其他分类号: | K816.1 | |
| 主题词: | ||
| 电子资源: | ||
| 000 | 00670nam 2200229 a 4504 | |
| 001 | E0758083664 | |
| 005 | 20070429095218.89 | |
| 008 | 0311211984 enka f 001 0 eng d | |
| 020 | @a0584700008. | |
| 035 | @a3138252 | |
| 040 | @aNLM@cNLM@dOSU | |
| 090 | @aN029/W12/V.2 | |
| 090 | @aK816.1 | |
| 099 | @dK816.1@ex1 | |
| 245 | 04 | @aThe Biographical dictionary of scientists :@bChemists / @cgeneral editor, David Abbott. |
| 260 | @aLondon :@bBlond Educational,@cc1984. | |
| 300 | @a203 p. :@bill. ;@c26 cm. | |
| 504 | @aIncludes index. | |
| 650 | 0 | @aChemists@xBiography. |
| 700 | 10 | @aAbbott, David,@d1937- |
| 740 | 0 | @aChemists. |
| 920 | @a232010@z2 | |
| The Biographical dictionary of scientists : : Chemists / / general editor, David Abbott.-London : : Blond Educational, , c1984. |
| 203 p. : : ill. ; ; 26 cm. |
| Includes index. |
| ISBN 0584700008. |
| ● |
| 相关链接 |
|
|
|
|
正题名:Biographical dictionary of scientists
索取号:K816.1/x1
 
预约/预借
| 序号 | 登录号 | 条形码 | 馆藏地/架位号 | 状态 | 备注 |
| 1 | 182651 | 001691814 | 第二样本阅览室/ [索取号:K816.1/x1] | 在馆 | |
| 2 | 182652 | 001691850 | 第四借阅区/ [索取号:K816.1/x1] | 在馆 |